000 00618nam a2200229 i 4500
001 C2-0258449
003 PPAK
005 20180727225102.0
008 041007s2003 enka|||| ||||| | eng d
020 _a0195170571
040 _aPPAK
_beng
_cPPAK
_erda
082 0 4 _a428.1
_223
090 0 0 _a428.1
_bMOR
_dG
245 0 0 _aMore weird and wonderful words
264 1 _aOxford :
_bOxford University Press ,
_c2003
300 _axiii, 130 pages :
_billustrations ;
_c22 cm
336 _2rdacontent
_atext
337 _2rdamedia
_aunmediated
338 _2rdacarrier
_avolume
650 1 0 _aVocabulary
942 _ddc
_cB
999 _c70033
_d70033